Astroblepus itae. Astroblepus acostai: (Registro nro. 7451)

Detalles MARC
000 -CABECERA
Campo de control 00777nam a22002177a 4500
005 - FECHA Y HORA DE LA ULTIMA TRANSACCION
Campo de control 20170524140103.0
008 - ELEMENTOS DE LONGITUD FIJA—INFORMACION GENERAL
Campo de control 130724b2011 ck ||||| |||| 00| 0 spa d
040 ## - FUENTE DE CATALOGACIÓN
Agencia catalogadora original CO-BoIAVH
Agencia transcriptora CO-BoIAVH
041 ## - IDIOMA
Código de idioma para texto/pista de sonido o título separado Español
044 ## - PAÍS DE PUBLICACIÓN
País de publicación Colombia
082 04 - NUMERO DE CLASIFICACION DECIMAL DEWEY
Número de clasificación 333.956
Número del ítem A65a
084 ## - OTRO NÚMERO DE CLASIFICACIÓN
Número de clasificación LB-05750
100 ## - ASIENTO PRINCIPAL--NOMBRE PERSONAL
Nombre personal Ardila-Rodríguez, Carlos A.
245 ## - MENCION DE TITULO
Título Astroblepus itae. Astroblepus acostai:
Parte restante del título Dos nuevas especies del Río Cáchira y Ríos Sinú, Colombia
260 ## - PUBLICACION, DISTRIBUCION, ETC. (PIE DE IMPRENTA)
Lugar de publicación, distribución, etc. Barranquilla (Colombia)
Nombre del editor, distribuidor, etc. Universidad Metropolitana de Barranquilla
Fecha de publicación, distribución, etc. 2011
300 ## - DESCRIPCION FISICA
Extensión 16 p.
Otros detalles físicos il., mapas.
Dimensiones 27 cm.
650 ## - ASIENTO SECUNDARIO DE MATERIA - TERMINO TEMATICO
Término temático o nombre geográfico como elemento de entrada Astroblepus itae sp. nov.
650 ## - ASIENTO SECUNDARIO DE MATERIA - TERMINO TEMATICO
Término temático o nombre geográfico como elemento de entrada Astroblepus acostai sp. nov.
650 ## - ASIENTO SECUNDARIO DE MATERIA - TERMINO TEMATICO
Término temático o nombre geográfico como elemento de entrada Pequeños bagres de boca succionadora de los Andes
Subdivisión geográfica Colombia
942 ## - ELEMENTOS ADICIONALES (KOHA)
Sistema de clasificación Dewey Decimal Classification
Tipo de ítem Libro
Existencias
Withdrawn status Lost status Sistema de Clasificación Damaged status No para préstamo Colección Inventariado Ubicación Permanente Ubicación actual Fecha de adquisición Total Checkouts Número topográfico Inventario / Código de Barras Date last seen Ejemplar Price effective from Forma de adquisición Tipo de material
    Dewey Decimal Classification     General Inventariado 2017 Bogotá Bogotá 24/07/2013   LB-333.956 A65a 028596 24/07/2013 Ej. 1 24/07/2013   Folleto
    Dewey Decimal Classification     General Inventariado 2017 Sala Fabio Quevedo Sala Fabio Quevedo 24/07/2013   LB-333.956 A65a 028599 02/08/2013 Ej. 2 24/07/2013   Folleto